Quizzes
Events
Quiz Creation
Community
Videos
Private Events
Remove Ads
Sign In
Join for FREE
Feedback
Dark Mode
Quiz Categories
Sports
Geography
Music
Movies
Television
Just For Fun
Miscellaneous
History
Literature
Language
Science
Gaming
Entertainment
Religion
Holiday
For Kids
Quiz Lab
Recent
Popular Today
Quiz Kudos Today
Editor Picks
Curator Picks
Quizzes by...
Day
Popularity
Type
Ratings
Length
Year
Community
Subscriptions
Recent Discussions
Orange Saloon
Badges
Playlists
Quests
Create
Leaderboards
Showdown
Live 5
Trivia Bingo
Activity
Puzzle Library
Sporcle Events
Private Events
Virtual Trivia
Globe League
Become a Host
Pub Owners
SporcleCon
Opinionation
Our Games
Videos
Blog
Mobile Apps
Partnerships
Remove Ads and Go Orange
Feedback
Sports
Athletes
MLB
NBA
NHL
NFL
Soccer
Sports Teams
WWE
NCAA
Football
Premier League
Basketball
Baseball
Hockey
Golf
Tennis
Cricket
Rugby
Auto Racing
Olympics
World Cup
Sports
Athletes
MLB
NBA
NHL
NFL
Soccer
Sports Teams
WWE
NCAA
Football
Premier League
Basketball
Baseball
Hockey
Golf
Tennis
Cricket
Rugby
Auto Racing
Olympics
World Cup
Random Quiz
Search Sporcle
×
Quiz Lab
Quiz Lab
Sports
MLB
Type in answers that appear in a list
Type in answers that appear in a list
Classic
Best Score? Go Orange.
MLB - Youngest Hall of Famers Stats
Can you name the Hall of Famers born in 1940 or later?
By
deej
7m
38 Questions
651 Plays
651 Plays
651 Plays
Comments
Comments
Give Quiz Kudos
Give Quiz Kudos
-
- Ratings
hide this ad
Replay
Link that replays current quiz
Next Quiz
Link to next quiz in quiz playlist
You Got
0%
They Got
Avg Score
76%
Avg Friend Score
Upgrade to see
Score Distribution
Jump to the score distribution portion of the page
Score
0/38
Timer
07:00
0
Plays Today
Born
Name
% Correct
1960
Cal Ripken
93.4%
1949
Mike Schmidt
88.8%
1947
Johnny Bench
88.2%
1954
Ozzie Smith
87.3%
1959
Ryne Sandberg
86.9%
1968
Roberto Alomar
86.6%
1955
Robin Yount
86.2%
1944
Tom Seaver
85.3%
1960
Tony Gwynn
84.8%
1956
Paul Molitor
83.9%
1943
Joe Morgan
83.9%
1947
Nolan Ryan
82.2%
1953
George Brett
81.4%
1958
Rickey Henderson
80.2%
1951
Dave Winfield
79.9%
1954
Gary Carter
79.6%
1958
Wade Boggs
79.3%
1954
Andre Dawson
78.8%
1946
Reggie Jackson
78.6%
Born
Name
% Correct
1944
Steve Carlton
77.7%
1953
Jim Rice
77.6%
1947
Carlton Fisk
77.4%
1964
Barry Larkin
77%
1954
Dennis Eckersley
75.9%
1956
Eddie Murray
74%
1951
Bert Blyleven
73.7%
1951
Rich Gossage
73.1%
1945
Jim Palmer
72.8%
1942
Tony Perez
71.1%
1960
Kirby Puckett
70.7%
1945
Don Sutton
69.4%
1953
Bruce Sutter
66.7%
1946
Rollie Fingers
65%
1940
Willie Stargell
64.7%
1940
Ron Santo
61.4%
1942
Fergie Jenkins
60.4%
1945
Rod Carew
59.6%
1946
Catfish Hunter
58.2%
Quiz Playlist
Details
Report
Send in Message
Add To Playlist
Classic:
Type in answers that appear in a list
Quiz Source
Last Updated: Feb 16, 2017
Quiz Scoreboard
CHALLENGE
Sign Up to Join the Scoreboard
Show All
Scores
Hide
Comments
May contain spoilers
Recently Published
Alphabetical 'K' Countries by Flag Minefield
by ylime102
Geography
3m
Pick 6: Fruits
by JohnFran
Miscellaneous
15s
Click the 1999 NBA Draft
by nibperrychub
Sports
2m
More to Explore
Quiz From the Vault
Featured Blog Post
15 Basketball Trivia Facts You Can Be March Mad About
hide this ad
You Might Also Like...
Tags
Baseball Quiz
MLB Quiz
1940
Born
Famer
hall
Later
pos
youngest
Today's Top Quizzes in Sports
Browse Sports
hide this ad
Today's Top Quizzes in MLB
Browse MLB
Top Contributed Quizzes in Sports
1
Don't Strike Out: 3000 Strikeouts
2
MLB 2 truths and a lie: Hall of Fame pitchers
3
Pick 6: NFL Teams
4
Criteria MLB: Left Handed Sluggers
5
MLB Players with Two .350 Batting Average Seasons
6
2022 World Cup Stars
7
Les joueurs à 100 buts en Ligue 1 Uber Eats
8
Millionaire: NBA Finals Edition
9
Pick 6: Minor League Baseball
10
Last 10 Members of the 500 HR Club in Order
Explore More
Trending Topics
Anime
Crossword
Kpop
Marvel
Harry Potter
Disney
NBA
Puzzle
The Office
Country
NFL
Pokémon
Song
WWE
Soccer
hide this ad
More By:
deej
Quiz
Plays
Rating
Category
Featured
Created
MLB 40-HRs by 4-Letter Players
176,845
4.01
Sports
Oct 1, 2009
MLB 300 HR with 1 Team
142,925
4.63
Sports
Jun 21, 2010
MLB Pitching Rotations (2000s)
132,757
4.52
Sports
Mar 16, 2010
MLB Batting Title Blitz - 2010s
76,545
4.40
Sports
Oct 23, 2012
MLB 30 HR Seasons (1990s)
74,804
4.64
Sports
Jun 2, 2013
Go to Creator's Profile
Score Distribution
Quiz Creator Spotlight
deej
Follow
Send a Message
Quizzes Created
-
Created Quiz Play Count
-
More By This Creator
Popular Quizzes Today
1
Find the US States - No Outlines Minefield
2
Countries of Asia Without Outlines Minefield
3
Pick 6: Fruits
4
The Countries of the World
5
Alphabetical 'K' Countries by Flag Minefield
6
Click the 1999 NBA Draft
7
Match the Book to the Film X
8
Find the US States
More Sports Quizzes
WWE Crossword (Hall of Fame Edition)
Editor's Pick
Trending Quizzes
Pick 6: Harry Potter
Pick 6: Mountains
Pick 6: NFL Teams
Pick 6: Movie Franchises
Pick 6: Golfers
Recently Updated
Women's Final Four Teams by Year
bhenderson79
Presidents Quartet II
eogle
Anything But Clue(do)
eogle
Anything But Oceanian Capitals
eogle
Anything But 7
eogle
Anything But Thing
eogle
Word Ladder: February 29
pecheneg
Song Title Questions
pecheneg
Women's NCAA Tournament #1 Seeds
pecheneg
Celebrity Mug Shots
pecheneg
Trending Topics
Harry Potter
Crossword
NBA
Disney
Anime
Marvel
Kpop
NFL
Song
Soccer
Puzzle
Country
Pokémon
The Office
WWE
Your Account Isn't Verified!
In order to create a playlist on Sporcle, you need to verify the email address you used during registration. Go to your
Sporcle Settings
to finish the process.
Report this User
Report this user for behavior that violates our
Community Guidelines
.
Details:
Send Report
Go to the Sporcle.com Mobile Site →
Comments